What the citizen should know about civilian defense /

Bibliographic Details
Main Author: Binger, Walter D. (Walter David), 1888-1979
Other Authors: Railey, Hilton Howell, 1895-
Format: Book
Language:English
Published: New York : W.W. Norton & company, inc., [1942]
Subjects:

MARC

Tag First Indicator Second Indicator Subfields
LEADER 00000cam a2200000 4500
001 in00000060293
005 20151008051621.0
008 750716s1942 nyu b 00000 eng u
010 |a  42036208  
035 |a (OCoLC)01453683 
035 |9 AAG8988AM 
040 |c CSU  |d TXA  |d UtOrBLW 
049 |a TXAM  |c [108218] 
050 0 |a UA926  |b .B5 
082 0 |a 355.23 
092 |a 355.23  |b B613w 
100 1 |a Binger, Walter D.  |q (Walter David),  |d 1888-1979. 
245 1 0 |a What the citizen should know about civilian defense /  |c [by] Walter D. Binger and Hilton H. Railey; illustrations by Arthur Smith. 
264 1 |a New York :  |b W.W. Norton & company, inc.,  |c [1942] 
300 |a 183p :  |b illustrations,diagrams ;  |c 21cm. 
336 |a text  |b txt  |2 rdacontent 
337 |a unmediated  |b n  |2 rdamedia 
338 |a volume  |b nc  |2 rdacarrier 
500 |a "First edition." 
504 |a Bibliography: pages 173-175. 
650 0 |a Civil defense. 
700 1 |a Railey, Hilton Howell,  |d 1895- 
999 |a MARS 
999 f f |s 3e56a565-3af3-3992-bb60-35679342c601  |i f7275a78-1e96-38be-8684-926b7e927850  |t 0 
952 f f |p ric  |a Texas A&M University  |b Rellis Campus  |c Joint Library Facility  |d Remote Storage  |t 0  |e UA926 .B5  |h Library of Congress classification  |i unmediated -- volume  |m A14800804574 
998 f f |a UA926 .B5  |t 0  |l Remote Storage